000 nam a22 7a 4500
999 _c7193
_d7193
008 170728b xxu||||| |||| 00| 0 eng d
100 _93769
_aSamuel Roxana
245 _aThe Prayer Life of Marry Lazarus Singh
_bA Blessing to many
260 _aNew Delhi